Quizzes
Events
Quiz Creation
Community
Videos
Private Events
Remove Ads
Sign In
Join for FREE
Feedback
Dark Mode
Quiz Categories
Sports
Geography
Music
Movies
Television
Just For Fun
Miscellaneous
History
Literature
Language
Science
Gaming
Entertainment
Religion
Holiday
For Kids
Quiz Lab
Recent
Popular Today
Quiz Kudos Today
Editor Picks
Curator Picks
Quizzes by...
Day
Popularity
Type
Ratings
Length
Year
Community
Subscriptions
Recent Discussions
Orange Saloon
Badges
Playlists
Quests
Create
Leaderboards
Showdown
Live 5
Trivia Bingo
Activity
Puzzle Library
Sporcle Events
Private Events
Virtual Trivia
Globe League
Become a Host
Pub Owners
SporcleCon
Opinionation
Our Games
Videos
Blog
Mobile Apps
Partnerships
Remove Ads and Go Orange
Feedback
Movies
Disney
Marvel Cinematic Universe
Movie Resume
Movie Titles
Oscar
Actor
Actress
Director
Pixar
Role
Movie Quotes
Movie Characters
Box Office
Nominee
Best Picture
Star Wars
James Bond
Horror Movies
Movies
Disney
Marvel Cinematic Universe
Movie Resume
Movie Titles
Oscar
Actor
Actress
Director
Pixar
Role
Movie Quotes
Movie Characters
Box Office
Nominee
Best Picture
Star Wars
James Bond
Horror Movies
Random Quiz
Search Sporcle
×
Quiz Lab
Quiz Lab
Movies
Actor
Type in answers that appear in a list
Type in answers that appear in a list
Classic
Best Score? Go Orange.
Movies with 2+ acting nominations ('80s) Stats
Can you name the Movies with 2+ acting nominations ('80s)?
By
IAmOysterman
12m
50 Questions
149 Plays
149 Plays
149 Plays
Comments
Comments
Give Quiz Kudos
Give Quiz Kudos
-
- Ratings
hide this ad
More Info
Replay
Link that replays current quiz
Next Quiz
Link to next quiz in quiz playlist
You Got
0%
They Got
Avg Score
62%
Avg Friend Score
Upgrade to see
Score Distribution
Jump to the score distribution portion of the page
Score
0/50
Timer
12:00
0
Plays Today
Nominees
Movie Title
% Correct
Robert De Niro, Joe Pesci, & Cathy Moriarty
Raging Bull
96%
Henry Fonda, Katharine Hepburn, & Jane Fonda
On Golden Pond
93.3%
Morgan Freeman, Jessica Tandy, & Dan Aykroyd
Driving Miss Daisy
91.9%
Whoopi Goldberg, Oprah Winfrey, & Margaret Avery
The Color Purple
91.3%
Cher, Olympia Dukakis, & Vincent Gardenia
Moonstruck
91.3%
Dustin Hoffman, Jessica Lange, & Teri Garr
Tootsie
89.9%
F. Murray Abraham & Tom Hulce
Amadeus
89.9%
Mary Tyler Moore, Timothy Hutton, & Judd Hirsch
Ordinary People
87.9%
Shirley MacLaine, Debra Winger, Jack Nicholson, & John Lithgow
Terms Of Endearment
87.2%
Daniel Day-
Lewis & Brenda Fricker
My Left Foot
83.9%
Warren Beatty, Diane Keaton, Jack Nicholson, & Maureen Stapleton
Reds
82.6%
Willem Dafoe & Tom Berenger
Platoon
82.6%
Dudley Moore & John Gielgud
Arthur
81.2%
Paul Newman & Mary Elizabeth Mastrantonio
The Color of Money
77.9%
Melanie Griffith, Sigourney Weaver, & Joan Cusack
Working Girl
77.9%
Sam Waterston & Haing S. Ngot
The Killing Fields
77.2%
Debra Winger & Louis Gossett Jr.
An Officer And A Gentleman
74.5%
William Hurt, Holly Hunter, & Albert Brooks
Broadcast News
74.5%
Goldie Hawn & Eileen Brennan
Private Benjamin
73.8%
Jack Nicholson, Anjelica Huston, & William Hickey
Prizzi's Honor
73.8%
Michael Caine & Dianne Wiest
Hannah And Her Sisters
72.5%
Glenn Close & Anne Archer
Fatal Attraction
72.5%
William Hurt, Marlee Matlin, & Piper Laurie
Children Of A Lesser God
71.8%
Meryl Streep & Cher
Silkwood
68.5%
Meryl Streep & Klaus Maria Brandauer
Out Of Africa
67.8%
Nominees
Movie Title
% Correct
Julie Andrews, Robert Preston, & Lesley Ann Warren
Victor Victoria
65.8%
Paul Newman & James Mason
The Verdict
63.8%
Burt Lancaster & Susan Sarandon
Atlantic City
60.4%
Sally Field, John Malkovich, & Lindsay Crouse
Places In The Heart
60.4%
Glenn Close & Michelle Pfeiffer
Dangerous Liaisons
58.4%
Jack Nicholson & Meryl Streep
Ironweed
54.4%
Gene Hackman & Frances McDormand
Mississippi Burning
53.7%
John Lithgow & Glenn Close
The World According to Garp
51.7%
Jack Lemmon & Sissy Spacek
Missing
51%
Michael Caine & Julie Walters
Educating Rita
49.7%
Albert Finney & Tom Courtenay
The Dresser
47.7%
Judy Davis & Peggy Ashcroft
A Passage To India
47%
Jon Voight & Eric Roberts
Runaway Train
45.6%
Jason Robards & Mary Steenburgen
Melvin And Howard
43.6%
Robert Duvall & Michael O'Keefe
The Great Santini
40.3%
Jessica Lange & Kim Stanley
Frances
39.6%
Maggie Smith & Delholm Elliot
A Room With A View
36.9%
Anne Bancroft & Jennifer Tilly
Agnes Of God
35.6%
Paul Newman & Melinda Dillon
Absence Of Malice
33.6%
Howard Rollins & Elizabeth McGovern
Ragtime
29.5%
Ellen Burstyn & Eva La Gallienne
Resurrection
26.8%
Sissy Spacek & Tess Harper
Crimes Of The Heart
26.8%
Anjelica Huston & Lena Olin
Enemies, A Love Story
25.5%
Marsha Mason, James Coco, & Joan Hackett
Only When I Laugh
22.1%
Rip Torn & Alfre Woodard
Cross Creek
22.1%
Quiz Playlist
Details
Report
Send in Message
Add To Playlist
More Info:
I may have missed a few, and possible misspelled some words, so if you spot any mistakes, please leave a comment. Thanks!
Classic:
Type in answers that appear in a list
Last Updated: Feb 16, 2017
Quiz Scoreboard
CHALLENGE
Sign Up to Join the Scoreboard
Show All
Scores
Hide
Comments
May contain spoilers
Recently Published
One Thing in Common: World Cities II
by knightlancer
Geography
7m
Popular People in 1961
by mucciniale
History
6m
1-10 Letter E Words III
by El_Dandy
Language
2m
More to Explore
Quiz From the Vault
Featured Blog Post
Where Did the Easter Bunny Come From?
hide this ad
You Might Also Like...
Tags
Actor Quiz
Oscar Quiz
Award Nominations
Today's Top Quizzes in Movies
Browse Movies
hide this ad
Today's Top Quizzes in Actor
Browse Actor
Top Contributed Quizzes in Movies
1
Multi-Oscar Nominations, One Movie, One Winner
2
12 Movies about Fictional 1960s Events
3
One Thing in Common: Movies
4
Three Word 'T' Movies Match Up
5
Three Word 'H' Movies Match Up
6
Three Word 'M' Movies Match Up
7
Three Word 'L' Movies Match Up
8
Three Word 'R' Movies Match Up
9
Three Word 'S' Movies Match Up
10
Three Word 'U' & 'V' Movies Match Up
Explore More
Trending Topics
NBA
Crossword
Kpop
Disney
Harry Potter
Anime
Marvel
Pokémon
Country
The Office
Puzzle
Song
Soccer
WWE
NFL
hide this ad
More By:
IAmOysterman
Quiz
Plays
Rating
Category
Featured
Created
2010 Movies By Screenshot
1,926
3.71
Movies
Feb 2, 2011
2010 Movies By Screenshot II
1,870
3.88
Movies
Feb 3, 2011
2010 Movies By Screenshot III
810
4.25
Movies
Feb 3, 2011
Comedic Movie Role By Screenshot
693
3.43
Movies
Feb 4, 2011
2009 Movies By Screenshot
544
3.80
Movies
Feb 2, 2011
Go to Creator's Profile
Score Distribution
Quiz Creator Spotlight
IAmOysterman
Follow
Send a Message
Quizzes Created
-
Created Quiz Play Count
-
More By This Creator
Popular Quizzes Today
1
Find the US States - No Outlines Minefield
2
The Countries of the World
3
Popular People in 1961
4
Find the Countries of Europe - No Outlines Minefield
5
1-10 Letter E Words III
6
Find the US States
7
US States
8
One Thing in Common: World Cities II
More Movies Quizzes
'80s Movies by Quote
Published
Trending Quizzes
Country Music Stars Doing Things
Get the Picture: Carrie or Dolly
1-10 Letter F Words
1-10 Letter G Words
Risky Map Clicking: Next State Alphabetically
Recently Updated
Leaping Animals
pecheneg
Reality TV Shows (A-Z)
bhenderson79
Rickey Henderson's Hall of Fame Teammates
pecheneg
Champions League XIs: Arsenal
pecheneg
Quick Pick: Celebrities in WWE's Hall of Fame
aduchscher
A-Z Keypad Blitz II
pecheneg
Multiple Oscar Actors
pecheneg
Mystery Phrase Blitz: Oscar 'Best Actors'
pecheneg
F. Scott Fitzgerald Novels
LTH
Pick 3 Villains
ddd62291
Trending Topics
Harry Potter
Kpop
Disney
Marvel
Crossword
Anime
NBA
Puzzle
Pokémon
NFL
Soccer
Country
Song
WWE
The Office
Your Account Isn't Verified!
In order to create a playlist on Sporcle, you need to verify the email address you used during registration. Go to your
Sporcle Settings
to finish the process.
Report this User
Report this user for behavior that violates our
Community Guidelines
.
Details:
Send Report
Go to the Sporcle.com Mobile Site →
Comments